Principles and Practice of Nursing Art of Nursing Procedures Volume 1 (Record no. 157418)
[ view plain ]
| 000 -LEADER | |
|---|---|
| fixed length control field | 00386nam a2200133Ia 4500 |
| 008 - FIXED-LENGTH DATA ELEMENTS--GENERAL INFORMATION | |
| fixed length control field | 230411s9999 xx 000 0 und d |
| 041 ## - LANGUAGE CODE | |
| Language code of text/sound track or separate title | eng |
| 082 ## - DEWEY DECIMAL CLASSIFICATION NUMBER | |
| Classification number | F/610.7302/COR/B07277 |
| 100 ## - MAIN ENTRY--PERSONAL NAME | |
| Personal name | Correia Cecy |
| 245 ## - TITLE STATEMENT | |
| Title | Principles and Practice of Nursing Art of Nursing Procedures Volume 1 |
| 260 ## - PUBLICATION, DISTRIBUTION, ETC. (IMPRINT) | |
| Name of publisher, distributor, etc. | Jaypee Brothers |
| Place of publication, distribution, etc. | New Delhi |
| Date of publication, distribution, etc. | 2013 |
| 300 ## - PHYSICAL DESCRIPTION | |
| Extent | 592p |
| Withdrawn status | Lost status | Damaged status | Not for loan | Collection code | Home library | Current library | Date acquired | Vendor | Cost, normal purchase price | Bill number | Total Checkouts | Full call number | Barcode | Date last seen | Date last checked out | Cost, replacement price | Bill Date | Koha item type | Original Barcode |
|---|---|---|---|---|---|---|---|---|---|---|---|---|---|---|---|---|---|---|---|
| Smt. Bakul Tambat Institute of Nursing Education | Smt. Bakul Tambat Institute of Nursing Education | 29/11/2012 | Jaypee Brothers Medical Publishers | 295.00 | 3646 | 5 | F 610.7302 COR B07277 | BTIN-BK-7277 | 11/03/2024 | 01/03/2024 | 215.00 | 29/11/2012 | Books | B07277 |